000 00480nam a2200193Ia 4500
005 20240823014936.0
008 240823s9999||||xx |||||||||||||| ||und||
020 _a81-203-2189-8
041 _aENGLISH
082 _A620.1 P3
100 _aLakshmana Rao C et al.
245 0 _aEngineering Mechanics : Statics and Dynamics
250 _a1st
260 _c2003
_b"PHI,New "
_aNew Delhi
500 _aYES
650 _aMechanics
_bMechanical
942 _cBK
999 _c171276
_d171276